00981nam a2200277 a 450000100060000000300080000600500170001400800410003103500190007204000320009104100080012308200220013110000480015324500450020126000440024630000340029049000480032450400300037265000220040265000300042465000210045483000570047594200120053299900170054495201420056161420BD-RjUL20211209080948.0170117s1932 enka b 000 0 eng d a(BD-RjUL)61544 aDLCcIQUdOCLdBD-RjULbeng aeng a382223bWHI 19321 aWhale, P. Barrettq(Philip Barrett)918309410aInternational trade /cby Barrett Whale. aLondon :bT. Butterworth limited,c1932 a255, [1] p. :bill. ;c17 cm.1 aHome university library of modern knowledge aBibliography: p. 253-254. 0aCommerce.9174075 0aForeign exchange.9176284 0aPayment.9183095 0aHome university library of modern knowledge.9183096 2ddccBK c61420d61420 00102ddc40718NFICaRUCLbRUCLcReadingd1961-11-07eA. J. Quarashig510.00l0o382 WHI 1932r2017-01-17 00:00:00tC-1w2017-01-17yBK